| 000 | 00697nam a2200229 a 4500 | ||
|---|---|---|---|
| 999 |
_c1423 _d1423 |
||
| 001 | 1423 | ||
| 003 | BD-JhCC | ||
| 005 | 20171019102850.0 | ||
| 008 | 171019b1999 bg ||||| |||| 00| 0 ben d | ||
| 020 | _a9844101409 | ||
| 035 | _a(BD-JhCC)1423 | ||
| 040 |
_aBD-JhCC _dBD-JhCC |
||
| 041 | _aben | ||
| 082 |
_a891.4409 _bSAI 1999 |
||
| 100 | _aসায়ীদ, আবদুল্লাহ | ||
| 245 |
_aনিষ্ফলা মাঠের কৃষক / _cআবদুল্লাহ সায়ীদ |
||
| 260 |
_aঢাকা : _bমাওলা ব্রাদার্স, _c1999. |
||
| 300 |
_a238 p. : _c21 cm. |
||
| 650 | _aBengali Literature | ||
| 942 |
_2ddc _cBK |
||